Blockchain: Blueprint for a New Economy / (Record no. 26515)

000 -LEADER
fixed length control field 00615 a2200217 4500
008 - FIXED-LENGTH DATA ELEMENTS--GENERAL INFORMATION
fixed length control field 230628b ||||| |||| 00| 0 eng d
020 ## - INTERNATIONAL STANDARD BOOK NUMBER
International Standard Book Number 9789351109921
Terms of availability Rs575.00
041 0# - LANGUAGE CODE
Language code of text/sound track or separate title eng
082 00 - DEWEY DECIMAL CLASSIFICATION NUMBER
Classification number 332.178
Item number S9721
100 ## - MAIN ENTRY--PERSONAL NAME
Personal name Swan, Melanie
245 ## - TITLE STATEMENT
Title Blockchain: Blueprint for a New Economy /
260 ## - PUBLICATION, DISTRIBUTION, ETC. (IMPRINT)
Place of publication, distribution, etc Sebastopol:
Name of publisher, distributor, etc O'Reilly Media,
Date of publication, distribution, etc 2021.
300 ## - PHYSICAL DESCRIPTION
Extent xvii, 128 p. ;
Dimensions 23 cm.
504 ## - BIBLIOGRAPHY, ETC. NOTE
Bibliography, etc Includes bibliographies and index.
650 #0 - SUBJECT ADDED ENTRY--TOPICAL TERM
Topical term or geographic name as entry element Electronic Commerce
Topical term or geographic name as entry element Cryptocurrency
Topical term or geographic name as entry element Bitcoin
Topical term or geographic name as entry element Blockchain
Topical term or geographic name as entry element Crowdfunding
942 ## - ADDED ENTRY ELEMENTS (KOHA)
Source of classification or shelving scheme
Item type Books
Holdings
Withdrawn status Lost status Source of classification or shelving scheme Damaged status Not for loan Permanent location Current location Shelving location Date acquired Source of acquisition Cost, normal purchase price Full call number Barcode Date last seen Cost, replacement price Koha item type
          IMU Kolkata IMU Kolkata Reference 2023-06-28 5 414.00 332.178 S9721 14164 2023-06-28 575.00 Books
Designed and Maintained by IMU-KC Library, Kolkata Campus © Copyright All Rights Reserved

webs counters

Powered by Koha